| 000 | 01088cam a22002415a 4500 | ||
|---|---|---|---|
| 001 | L159197 | ||
| 008 | 160316s2013 xxk f 000 0 eng d | ||
| 020 | _a9781846615054 | ||
| 035 | _a(Sirsi) u159197 | ||
| 041 | 0 | _aeng | |
| 050 | 0 | 4 | _a333.3234 18 |
| 100 | 1 | _aFrancis, Andrew | |
| 245 | 0 | 0 | _aRestrictive Covenants and Freehold Land |
| 250 | _a4th edition | ||
| 260 |
_aBristol _bJordan Publishing Limited _c2013 |
||
| 300 | _axxix, 702p, 25cm | ||
| 520 | _aEssential for a practitioner requiring an understanding of the law of restrictive covenants affecting freehold land. Considers all the key areas of law and practice affecting restrictive covenants and with more detailed treatment of major issues including, recent legislation, case law on injunctions as the primary remedy for breach of covenant and appendices with statutory and other material and precedents. This practical text is complemented by flowcharts and checklists. | ||
| 590 | _aKA | ||
| 651 | 4 | _aENGLAND AND WALES | |
| 690 |
_aPlanning and development _96259 |
||
| 690 |
_aLand use _96251 |
||
| 942 | _n0 | ||
| 999 |
_c115736 _d115736 |
||